000 00348nam a2200145Ia 4500
008 230917s9999||||xx |||||||||||||| ||und||
040 _e103098
_aMAIN
041 _aEnglish
082 _a658.3 P88G
100 _aPrasad, Kesho
245 0 _aGetting the right people
260 _aDelhi
_bMacmillan
_c2001
300 _avii, 186p p.
942 _cBK
999 _c122273
_d122273